=LDR 00000nam 2200000 4500 =001 INLIS000000000003716 =005 20130612092023 =008 ***********************************Ind** =035 ##$$a0010-061300000003716 =041 ##$$a Ind =082 ##$$a 615.889 598 =090 ##$$a 615.889 598, Sas o =100 ##$$a Sastroamijoyo, A.Seno =245 ##$$a Obat asli Indonesia, dr.A.Seno Sastroamidjojo =260 ##$$a 1988 $b Jakarta =300 ##$$a 608 hlm., ilus., 21 cm =650 ##$$a Obat tradisional =650 ##$$a Indonesia =850 ##$$a NBPNMAT =990 ##$$a 93763/BPAP-NTB/2014 =990 ##$$a 21195354/BPAP-NTB/2014